| 000 | 01002cam a22003017a 4500 | ||
|---|---|---|---|
| 003 | CHAP | ||
| 005 | 20220329143024.0 | ||
| 008 | 050826d2003 es r 00110 spa d | ||
| 010 | _a90792 | ||
| 011 | _a91764 | ||
| 020 | _a8420539201 | ||
| 035 | _a102327 | ||
| 040 | _cCHAP | ||
| 082 | 0 | 4 |
_a004.67 _bM3 |
| 100 | 0 | 0 |
_aMagaña Lizarrondo, Eduardo. _969795 |
| 245 | 1 | 0 |
_aComunicaciones y redes de computadores : _bproblemas y ejercicios resueltos _c/por Eduardo Magaña Lizarrondo (y otros) |
| 260 |
_aMadrid : _bPearson Educación, _c2003. |
||
| 300 |
_a205 p. ; _bgráfs. |
||
| 590 |
_aBATCH-UPD _b10 _c20130110 _lUCH01 _h0745 |
||
| 590 |
_aBATCH-UPD _b10 _c20130410 _lUCH01 _h0426 |
||
| 590 |
_aBATCH-UPD _b10 _c20130914 _lUCH01 _h1740 |
||
| 590 |
_aCONVERSION _b10 _c20130109 _lUCH01 _h1350 |
||
| 650 | 1 | 4 |
_aRedes computarizadas. _995378 |
| 901 | _aBK | ||
| 905 | _aAlejandra Carrasco M. | ||
| 942 | _cLIBRO | ||
| 949 |
_a004.67 M3 _bBC _cLIBRO _d33724000977096 _eLIBRO _gI.c/e _h106461 _i102327 _sb _t$ 135.00 |
||
| 999 |
_c90792 _d90792 |
||